[Event "Buenos Aires Faogba 36th"]
[Site "Buenos Aires"]
[Date "2019.11.14"]
[Round "3.5"]
[White "Vega, Fernando"]
[Black "Garcia Lemos, Federico"]
[Result "0-1"]
[WhiteElo "2022"]
[BlackElo "2255"]
[PlyCount "70"]
[EventDate "2019.11.07"]
[EventType "swiss"]
[EventRounds "7"]
[EventCountry "ARG"]
[SourceTitle "EXT 2024"]
[Source "ChessBase"]
[SourceDate "2023.10.10"]
[SourceVersion "1"]
[SourceVersionDate "2023.10.10"]
[SourceQuality "1"]

1. f4 d5 2. Nf3 Nf6 3. g3 g6 4. Bg2 Bg7 5. 0-0 0-0 6. d3 c5 7. Qe1 Nc6 8. Na3 h6 9. c3 b6 10. e4 dxe4 11. dxe4 Ba6 12. Rf2 e5 13. h3 exf4 14. gxf4 Qc7 15. Nh2 Rfe8 16. c4 Rad8 17. Ng4 Nxg4 18. hxg4 Nb4 19. Rf3 Bb7 20. Rh3 Nd3 21. Nb5 Qd7 22. Qe2 a6 23. Nc3 Qd4+ 24. Be3 Nxf4 25. Bxd4 Nxe2+ 26. Nxe2 cxd4 27. Ng3 d3 28. Kf1 Bxb2 29. Rb1 d2 30. Ke2 Be5 31. Nf1 Bf4 32. Rd3 Rxd3 33. Kxd3 Rd8+ 34. Ke2 Rd4 35. c5 bxc5 0-1

[Event "Buenos Aires Philidor CC op"]
[Site "Buenos Aires"]
[Date "2019.09.27"]
[Round "5.2"]
[White "Vega, Fernando"]
[Black "Gerola, Pablo"]
[Result "1-0"]
[WhiteElo "2086"]
[BlackElo "2102"]
[PlyCount "73"]
[EventDate "2019.09.27"]
[EventType "tourn (rapid)"]
[EventRounds "6"]
[EventCountry "ARG"]
[SourceTitle "EXT 2024"]
[Source "ChessBase"]
[SourceDate "2023.10.10"]
[SourceVersion "1"]
[SourceVersionDate "2023.10.10"]
[SourceQuality "1"]

1. Nf3 c5 2. c4 Nc6 3. d4 cxd4 4. Nxd4 Nf6 5. Nc3 e6 6. g3 d5 7. cxd5 exd5 8. Bg2 h6 9. 0-0 Be6 10. h3 Be7 11. Be3 0-0 12. Rc1 Nxd4 13. Bxd4 Qa5 14. Qb3 b6 15. Bxf6 Bxf6 16. Nxd5 Bxd5 17. Bxd5 Rad8 18. e4 Be5 19. Rfd1 Kh8 20. f4 Bb8 21. Bxf7 Rxd1+ 22. Rxd1 Qc5+ 23. Kg2 Qe7 24. Bg6 Qc7 25. Rd2 Qc6 26. Qb4 Rc8 27. Bf5 Rg8 28. h4 Qc1 29. Qd4 b5 30. e5 a6 31. Rd1 Qc7 32. Qd7 Qc4 33. Bd3 Qxa2 34. Qf5 Qxb2+ 35. Kh3 g6 36. Qf6+ Rg7 37. Bxg6 1-0

[Event "Moron-River Plate m"]
[Site "Moron"]
[Date "2017.09.01"]
[Round "1.6"]
[White "Jorge, Cristian"]
[Black "Vega, Fernando"]
[Result "1-0"]
[WhiteElo "2077"]
[BlackElo "2046"]
[PlyCount "29"]
[EventDate "2017.09.01"]
[EventType "team-match"]
[EventRounds "1"]
[EventCountry "ARG"]
[SourceTitle "EXT 2019"]
[Source "ChessBase"]
[SourceDate "2018.10.10"]
[SourceVersion "1"]
[SourceVersionDate "2018.10.10"]
[SourceQuality "1"]
[WhiteTeam "Ajedrez River Plate"]
[BlackTeam "Club Philidor Moron"]
[WhiteTeamCountry "ARG"]
[BlackTeamCountry "ARG"]

1. e4 e5 2. Nf3 Nc6 3. d4 exd4 4. Bc4 Nf6 5. e5 Ne4 6. c3 d5 7. Bb3 Bg4 8. cxd4 Bb4+ 9. Kf1 0-0 10. Qd3 f6 11. Qxe4 Bxf3 12. gxf3 Kh8 13. Bxd5 fxe5 14. Bxc6 bxc6 15. dxe5 1-0